| 000 -LEADER | |
|---|---|
| fixed length control field | 00435nam a22001697a 4500 |
| 005 - DATE AND TIME OF LATEST TRANSACTION | |
| control field | 20230727124543.0 |
| 008 - FIXED-LENGTH DATA ELEMENTS--GENERAL INFORMATION | |
| fixed length control field | 230727b |||||||| |||| 00| 0 eng d |
| 020 ## - INTERNATIONAL STANDARD BOOK NUMBER | |
| ISBN | 978-81-931981-0-0 |
| 041 ## - LANGUAGE CODE | |
| Language code of text/sound track or separate title | eng |
| 082 ## - DEWEY DECIMAL CLASSIFICATION NUMBER | |
| Classification number | 345.400 5 |
| 100 ## - MAIN ENTRY--AUTHOR NAME | |
| Personal name | DHAL, DEBI PRASHAD |
| 245 ## - TITLE STATEMENT | |
| Title | INDIAN BAR REVIEW , VOL- 49[1] 2022 |
| 260 ## - PUBLICATION, DISTRIBUTION, ETC. (IMPRINT) | |
| Place of publication | NEW DELHI |
| Name of publisher | BAR COUNCIL OF INDIA TRUST |
| Year of publication | 2022 |
| 300 ## - PHYSICAL DESCRIPTION | |
| Number of Pages | 352;p |
| 650 ## - SUBJECT ADDED ENTRY--TOPICAL TERM | |
| Topical Term | LAW |
| 942 ## - ADDED ENTRY ELEMENTS (KOHA) | |
| Koha item type | Books |
| Lost status | Damaged status | Collection code | Home library | Current library | Shelving location | Date acquired | Source of acquisition | Cost, normal purchase price | Full call number | Accession Number | Koha item type |
|---|---|---|---|---|---|---|---|---|---|---|---|
| LAW | JRU Library | JRU Library | SHELF-33-F | 27/07/2023 | PURCHASE | 16200.00 | 345.400 5 | 27773 | Books | ||
| LAW | JRU Library | JRU Library | SHELF-33-F | 27/07/2023 | PURCHASE | 16200.00 | 345.400 5 | 27774 | Books | ||
| LAW | JRU Library | JRU Library | SHELF-33-F | 27/07/2023 | PURCHASE | 16200.00 | 345.400 5 | 27775 | Books | ||
| LAW | JRU Library | JRU Library | SHELF-33-F | 27/07/2023 | PURCHASE | 16200.00 | 345.400 5 | 27776 | Books | ||
| LAW | JRU Library | JRU Library | SHELF-33-F | 27/07/2023 | PURCHASE | 16200.00 | 345.400 5 | 27777 | Books | ||
| LAW | JRU Library | JRU Library | SHELF-33-F | 27/07/2023 | PURCHASE | 16200.00 | 345.400 5 | 27778 | Books | ||
| LAW | JRU Library | JRU Library | SHELF-33-F | 27/07/2023 | PURCHASE | 16200.00 | 345.400 5 | 27779 | Books | ||
| LAW | JRU Library | JRU Library | SHELF-33-F | 27/07/2023 | PURCHASE | 16200.00 | 345.400 5 | 27780 | Books | ||
| LAW | JRU Library | JRU Library | SHELF-33-F | 27/07/2023 | PURCHASE | 16200.00 | 345.400 5 | 27781 | Books | ||
| LAW | JRU Library | JRU Library | SHELF-33-F | 27/07/2023 | PURCHASE | 16200.00 | 345.400 5 | 27782 | Books |